| 000 | 00859 a2200217 4500 | ||
|---|---|---|---|
| 003 | Nust | ||
| 005 | 20221208120216.0 | ||
| 010 | _a 97008134 | ||
| 020 | _a0240802586 (alk. paper) | ||
| 040 | _cNust | ||
| 082 | 0 | 0 | _a621.382,MIR |
| 100 | 1 |
_aMirabito, Michael M. _9104443 |
|
| 245 | 1 | 4 |
_aThe new communications technologies / _cMichael M.A. Mirabito ; with contributions by Barbara L. Morgenstern. |
| 250 | _a3rd. ed. | ||
| 260 |
_aBoston : _bfocal press _c2004. |
||
| 300 |
_axii, 256 p. : _bill. ; _c26 cm. |
||
| 505 | _aFoundation (Page-1), Information Transmission (Page-59), Information Storage (Page-119), Production Technologies (Page-135), Information, Entertainment and Communication Services (Page-207), The Law (Page-253) | ||
| 650 | 0 |
_aTelecommunications engineering. _958485 |
|
| 700 | 1 |
_aMorgenstern, Barbara L. _9104444 |
|
| 942 |
_2ddc _cBK |
||
| 999 |
_c182557 _d182557 |
||